000 00568nam a2200181Ia 4500
005 20250508155919.0
008 008 250505s9999 xx 000 0 eng d
037 _aTextual
040 _aFEDL
_beng
_cFEDL
041 _aeng
_2eng
084 _a378, COM
_qFEDL
245 0 _aBetter utilization of college teaching resources
245 2 _cA Report by the Committee on Utilization of College Teaching Resources
260 _aNew York, USA
_bThe Fund for the Advancement
_c1956
300 _a44p
942 _cTEXL
_h378, COM
999 _c1360038
_d1360038